00692nam a2200181Ia 4500003000900000008004100009020001800050040001600068080001500084111008500099245018600184260003300370300002300403650001900426650001200445700002400457700002900481IN-BaIIA211028s9999 xx 000 0 eng d a0-306-40541-5 cIIA Library a530.1bSYM aEinstein Centennial Celebration Science SymposiumcCarbondaled1979 Feb 23-Mar 2 0aSymmetries in sciencebproceedings of Einstein centennial celebration science Symposium held in Carbondale, February 23 - March 2, 1979cedited by Bruno Gruber and Richard S Millman aNew YorkbPlenum Pressc1980 a[various pagings.] aNASA Thesaurus aPhysics aGruber, Bruno., ed. aMillman, Richard S., ed.